Warm-water crustaceans (Record no. 78397)

MARC details
000 -LEADER
fixed length control field 01168nam a2200253 a 4500
008 - FIXED-LENGTH DATA ELEMENTS--GENERAL INFORMATION
fixed length control field 130419s1994 ||||||||||||||||| || u
020 ## - INTERNATIONAL STANDARD BOOK NUMBER
International Standard Book Number 0333574621
050 ## - LIBRARY OF CONGRESS CALL NUMBER
Classification number QL 444.M33 War
100 ## - MAIN ENTRY--PERSONAL NAME
Personal name Huner, J. V
245 10 - TITLE STATEMENT
Title Warm-water crustaceans
Statement of responsibility, etc by J. C. V. Arrignon (and others)
260 ## - PUBLICATION, DISTRIBUTION, ETC. (IMPRINT)
Place of publication, distribution, etc Oxford:
Name of publisher, distributor, etc Macmillan Education
Date of publication, distribution, etc 1994
300 ## - PHYSICAL DESCRIPTION
Extent viii, 160p.: ill.
490 ## - SERIES STATEMENT
Series statement The Tropical agriculturalist
650 ## - SUBJECT ADDED ENTRY--TOPICAL TERM
Topical term or geographic name as entry element CRAYFISH CULTURE--TROPICS
650 ## - SUBJECT ADDED ENTRY--TOPICAL TERM
Topical term or geographic name as entry element PENAEIDAE--BREEDING--TROPICS
650 ## - SUBJECT ADDED ENTRY--TOPICAL TERM
Topical term or geographic name as entry element PROCAMBARUS CLARKII--BREEDING--TROPICS
650 ## - SUBJECT ADDED ENTRY--TOPICAL TERM
Topical term or geographic name as entry element SHRIMP CULTURE--TROPICS
700 ## - ADDED ENTRY--PERSONAL NAME
Personal name Griessinger, J. M
700 ## - ADDED ENTRY--PERSONAL NAME
Personal name Laurent, P. J
700 ## - ADDED ENTRY--PERSONAL NAME
Personal name Arrignon, J. C. V
995 ## - RECOMMENDATION 995 [LOCAL, UNIMARC FRANCE]
-- CBU-MAIN LIBRARY (Kitwe)
-- 4
-- AVAILABLE
-- Jun 19, 2013
-- Annex Low-Usage Collection
995 ## - RECOMMENDATION 995 [LOCAL, UNIMARC FRANCE]
-- CBU-MAIN LIBRARY (Kitwe)
-- 1
-- AVAILABLE
-- Jun 19, 2013
-- Annex Low-Usage Collection
995 ## - RECOMMENDATION 995 [LOCAL, UNIMARC FRANCE]
-- CBU-MAIN LIBRARY (Kitwe)
-- 5
-- AVAILABLE
-- Jun 19, 2013
-- Main Library Open Access Collection
Holdings
Withdrawn status Lost status Source of classification or shelving scheme Damaged status Not for loan Permanent Location Current Location Shelving location Date acquired Total Checkouts Full call number Barcode Date last seen Copy number Price effective from Koha item type
          CBU-MAIN LIBRARY, KITWE. CBU-MAIN LIBRARY, KITWE.   05/16/2023   QL 444.M33 War 743984 05/16/2023 1 05/16/2023 MONOGRAPH
          CBU-MAIN LIBRARY, KITWE. CBU-MAIN LIBRARY, KITWE.   05/16/2023   QL 444.M33 War 743981 05/16/2023 2 05/16/2023 MONOGRAPH
          CBU-MAIN LIBRARY, KITWE. CBU-MAIN LIBRARY, KITWE.   05/16/2023   QL 444.M33 War 743985 05/16/2023 3 05/16/2023 MONOGRAPH